000 00311nam a22001337a 4500
008 171020b xxu||||| |||| 00| 0 eng d
020 _a9780131424401
041 _aeng
080 _28 ED
_a338
100 _a54
101 _aMEN
245 _aINTRODUCTION MANAGEMENT SCIENCE
_cTAYLOR.B.W
942 _2udc
_cBK
999 _c35230
_d35230